000 00819nam a2200301Ia 4500
001 24745
003 IT-RoPAU
008 130308s9999 xx 000 0 und d
040 _aIT-RoPAU
040 _cIT-RoPAU
041 _aITALIANO
100 _aDi Pietro Adriano
100 _gCodice Aut. SPICS: 12257
245 _aCinema nordico dal 1959 ad oggi (Il)
245 _bCinema Contemporaneo
250 _a1a ed.
260 _aROMA
260 _bLucarini
260 _c1981 [1° Ed.:1981 - Ed.Ling.Originale:1981]
300 _a"29 p. (prefazione: no ; testo: 29 [pagine: 211-240])"
500 _aCinema Norvegese Cinema Danese Cinema finlandese Cinema Svedese
650 _aSTORIA DEL CINEMA
650 _eCodice materia Spics: 6808
942 _cBK
957 _71
999 _c53519
_d53519
999 _bSI
999 _g1